Dvojí zdanění v zahraničním obchodě
Salvato in:
| Autore principale: | |
|---|---|
| Natura: | Libro |
| Lingua: | ceco |
| Pubblicazione: |
Praha
Československá obchodní a průmyslová komora
1991
|
| Edizione: | 2. vyd. |
| Soggetti: | |
| Tags: |
Nessun Tag, puoi essere il primo ad aggiungerne!!
|
MARC
| LEADER | 00000nam a2200000 4500 | ||
|---|---|---|---|
| 001 | c000942 | ||
| 005 | 20221214101542.1 | ||
| 020 | |a 80-7003-204-9 | ||
| 041 | 0 | |a cze | |
| 044 | |a CZ | ||
| 245 | 1 | 0 | |a Dvojí zdanění v zahraničním obchodě |c Jan Aleš |
| 250 | |a 2. vyd. | ||
| 264 | 1 | |a Praha |b Československá obchodní a průmyslová komora |c 1991 | |
| 300 | |a 134 s. | ||
| 610 | 2 | 0 | |a dane |
| 610 | 2 | 0 | |a obchod zahraničný |
| 610 | 2 | 0 | |a zmluvy medzinárodné |
| 100 | 1 | |a Aleš, Jan | |